000 01063nam a22003137a 4500
001 000368
003 DO-SdBNP
005 20171116115533.0
007 00368
008 160706b 2002 sp a ||||| |||| 00| 0 spa d
020 _a8446015250
040 _aBPMSU
_bspa
_cBPMSU
082 4 _a853.8
_bC714a
100 1 _aCollodi, Carlo,
_d1826-1890.
240 1 0 _aLe avventure di Pinocchio.
_lEspañol
245 1 3 _aLas aventuras de Pinocho /
_cCarlo Collodi ; edición y traducción de José Sánchez López ; ilustraciones originales de Enrico Mazzanti.
260 0 _aMadrid :
_bAkal,
_c2002.
300 _a292 p. :
_bil. ;
_c22 cm.
490 1 _aAkal/literaturas ;
_v6
650 4 _aCUENTOS INFANTILES ITALIANOS
650 4 _aLITERATURA INFANTIL ITALIANA
700 1 2 _aSánchez López, José,
_d1943-
_etr.
700 1 2 _aMazzanti, Enrico,
_eil.
830 0 _aAkal/literaturas ;
_v6
910 _aValidado. Control de calidad MFF
942 _2ddc
_cBK
945 _aInventariado extranjero / 2017 VM
956 _2LOPEREZ
_310
_620160706
_8BPMSU
_a00041
999 _c10730
_d10730